| 000 | 00376 a2200169 4500 | ||
|---|---|---|---|
| 001 | 50607 | ||
| 020 | _a8522004633 | ||
| 040 | _cAnchieta - Bela Vista | ||
| 100 | _aBarbosa, Rogério Andrade | ||
| 240 | 1 | 0 |
_aViva o boi-bumbá _lpor |
| 245 | 1 | 0 | _aViva o boi-bumbá |
| 300 | _a22 | ||
| 362 | 0 | _a2014 | |
| 440 | 1 | _aAgir | |
| 650 | 4 | _aLiteratura infanto-juvenil | |
| 942 | _cBK | ||
| 999 |
_c50607 _d50607 |
||